[Event "ch-Paris op C"]
[Site "Paris (Halle Carpentier)"]
[Date "2008.07.04"]
[Round "7.2"]
[White "Fleurimont, Thierry"]
[Black "Hassanaly, Ikbal"]
[Result "0-1"]
[WhiteElo "1450"]
[BlackElo "1490"]
[PlyCount "64"]
[EventDate "2008.06.28"]

1. e4 d5 2. exd5 Qxd5 3. Nc3 Qa5 4. Bc4 Nf6 5. d3 Nc6 6. a3 Bg4 7. Nf3 e6 8.
Bd2 Qh5 9. Nb5 Bd6 10. h3 a6 11. Nxd6+ cxd6 12. c3 O-O 13. d4 b5 14. Be2 e5 15.
dxe5 dxe5 16. Be3 Rad8 17. Qc2 e4 18. Nd4 Ne5 19. Bxg4 Nexg4 20. Qe2 Ne5 21.
Qxh5 Nxh5 22. O-O Nd3 23. Rab1 f5 24. Ne6 f4 25. Nxf8 Rxf8 26. Bd4 Re8 27. b3
e3 28. fxe3 fxe3 29. Rfe1 Nxe1 30. Rxe1 e2 31. Kf2 Nf4 32. h4 Nd3+ 0-1

[Event "ch-Paris op C"]
[Site "Paris (Halle Carpentier)"]
[Date "2008.07.04"]
[Round "7.3"]
[White "Martin, Madge"]
[Black "Buchner, David"]
[Result "1-0"]
[WhiteElo "1480"]
[BlackElo "1340"]
[PlyCount "31"]
[EventDate "2008.06.28"]

1. e4 e5 2. Nf3 Nc6 3. Bc4 Nf6 4. d4 exd4 5. e5 Ng4 6. Qe2 Be7 7. h3 Nh6 8.
Bxh6 gxh6 9. Nbd2 Bb4 10. O-O-O Qe7 11. Ne4 O-O 12. Nf6+ Qxf6 13. exf6 Bc5 14.
Nxd4 Bxd4 15. Qg4+ Kh8 16. Qg7# 1-0

[Event "ch-Paris op C"]
[Site "Paris (Halle Carpentier)"]
[Date "2008.07.04"]
[Round "7.4"]
[White "Pallandre, Christian"]
[Black "Keller, Jean"]
[Result "0-1"]
[WhiteElo "1440"]
[BlackElo "1499"]
[PlyCount "90"]
[EventDate "2008.06.28"]

1. d4 Nf6 2. Nf3 e6 3. Bf4 d5 4. Nbd2 Nc6 5. c3 Bd6 6. Bxd6 Qxd6 7. e3 O-O 8.
Bd3 e5 9. dxe5 Nxe5 10. Nxe5 Qxe5 11. Nf3 Qd6 12. O-O Re8 13. Qc2 g6 14. Rad1
Bg4 15. Be2 c6 16. Qb3 b5 17. h3 Bf5 18. Nd4 Re5 19. Nf3 Re7 20. Nd4 Be6 21.
Nxe6 Rxe6 22. Bf3 Re5 23. Rfe1 Ne4 24. Bxe4 Rxe4 25. f3 Rh4 26. f4 Re8 27. Qb4
Qc7 28. Qd4 Re4 29. Qf6 Rh5 30. Rd4 Re6 31. Qe5 Rexe5 32. fxe5 Qxe5 33. Rf4 g5
34. Rf3 Rh4 35. Ref1 Qe6 36. Rg3 h6 37. Rgf3 f5 38. g4 f4 39. exf4 gxf4 40. Kg2
Qe4 41. Kh2 h5 42. Rxf4 Qe7 43. gxh5 Qe5 44. Rg1+ Kh7 45. Rgg4 Rxg4 0-1

[Event "ch-Paris op C"]
[Site "Paris (Halle Carpentier)"]
[Date "2008.07.04"]
[Round "7.5"]
[White "Terradot, Francois"]
[Black "Elzoghlami, Mehdi"]
[Result "0-1"]
[WhiteElo "1420"]
[BlackElo "1500"]
[PlyCount "84"]
[EventDate "2008.06.28"]

1. d4 Nf6 2. c4 g6 3. Nc3 Bg7 4. Bg5 O-O 5. e3 d6 6. Nf3 Nbd7 7. Bd3 c5 8. O-O
h6 9. Bxf6 Bxf6 10. Re1 Qb6 11. Qb3 Qxb3 12. axb3 Bg7 13. Ra3 Nb6 14. Rea1 a6
15. Ra5 cxd4 16. Nxd4 e5 17. Nf3 f5 18. e4 f4 19. h3 Be6 20. Re1 g5 21. b4 Bxc4
22. Bxc4+ Nxc4 23. Rd5 Rfd8 24. Red1 Rac8 25. b5 axb5 26. Rxb5 b6 27. Nd5 Kf7
28. Ra1 Ra8 29. Rxa8 Rxa8 30. Rb4 Rc8 31. b3 Nb2 32. Rxb6 Rc1+ 33. Kh2 Nd3 34.
Rb7+ Kg8 35. g3 Nxf2 36. Rb4 Rc2 37. Kg1 Nxh3+ 38. Kf1 Rf2+ 39. Ke1 Rxf3 40.
gxf4 Nxf4 41. Ne7+ Kf8 42. Nf5 Nd3+ 0-1

[Event "ch-Paris op C"]
[Site "Paris (Halle Carpentier)"]
[Date "2008.07.04"]
[Round "7.6"]
[White "Baldi, Valentine"]
[Black "Hermez, Mohammed"]
[Result "1-0"]
[WhiteElo "1480"]
[BlackElo "1400"]
[PlyCount "57"]
[EventDate "2008.06.28"]

1. d4 e6 2. c4 d5 3. Nc3 Nf6 4. Nf3 Nc6 5. e3 Bd6 6. Bd3 O-O 7. O-O e5 8. dxe5
Bxe5 9. cxd5 Nxd5 10. Nxd5 Qxd5 11. Bxh7+ Kxh7 12. Qxd5 Be6 13. Qe4+ Kg8 14.
Nxe5 Nxe5 15. Qxe5 Bc4 16. Re1 Rfe8 17. Qxc7 b5 18. b3 Rec8 19. Qg3 Bd3 20. Bb2
Kf8 21. Qd6+ Kg8 22. Qxd3 Rd8 23. Qc3 f6 24. Red1 Rdc8 25. Qb4 a6 26. Qg4 Rf8
27. Rd7 Rf7 28. Rxf7 Kxf7 29. Qe4 1-0

[Event "ch-Paris op C"]
[Site "Paris (Halle Carpentier)"]
[Date "2008.07.04"]
[Round "7.7"]
[White "Bogdanovsky, Sonia"]
[Black "Puyo, Elisabeth"]
[Result "1-0"]
[WhiteElo "1420"]
[BlackElo "1300"]
[PlyCount "65"]
[EventDate "2008.06.28"]

1. c4 e5 2. Nc3 Nc6 3. g3 Nf6 4. Bg2 Bc5 5. d3 O-O 6. e4 d6 7. Nge2 Be6 8. O-O
Qd7 9. Bg5 Nh5 10. Nd5 f6 11. Bd2 f5 12. Rb1 f4 13. gxf4 Bh3 14. f5 Bxg2 15.
Kxg2 Ne7 16. b4 Nxd5 17. bxc5 Ndf4+ 18. Nxf4 Nxf4+ 19. Bxf4 exf4 20. cxd6 c6
21. c5 Rae8 22. Kf3 b6 23. Qb3+ Kh8 24. d4 b5 25. h4 Rxe4 26. Kxe4 Qxf5+ 27.
Kf3 Qh3+ 28. Ke2 f3+ 29. Kd2 Re8 30. Rbe1 Re2+ 31. Rxe2 fxe2 32. Qxh3 h6 33.
Kxe2 1-0

[Event "ch-Paris op C"]
[Site "Paris (Halle Carpentier)"]
[Date "2008.07.04"]
[Round "7.8"]
[White "Portier, Pierre"]
[Black "Martin, Didier"]
[Result "0-1"]
[WhiteElo "1499"]
[BlackElo "1400"]
[PlyCount "90"]
[EventDate "2008.06.28"]

1. e4 e5 2. Nf3 Nc6 3. Bc4 Be7 4. d4 d6 5. d5 Na5 6. Be2 Nf6 7. b4 Nxe4 8. bxa5
O-O 9. O-O f5 10. Nbd2 Nc3 11. Qe1 Bf6 12. Nb3 Na4 13. Rb1 e4 14. Nfd4 Rf7 15.
Be3 a6 16. Ne6 Qd7 17. Nbd4 b6 18. c4 Nc5 19. axb6 cxb6 20. Rxb6 Nxe6 21. Nxe6
Be7 22. Qb4 Ra7 23. Rb1 Ra8 24. Rb8 Rxb8 25. Qxb8 h6 26. Rb7 Qxb7 27. Qxb7 Bxb7
28. Kf1 Bf6 29. c5 dxc5 30. Nxc5 Bxd5 31. Bxa6 Bxa2 32. g3 Re7 33. Ke2 Rc7 34.
Bb5 Bg5 35. f4 exf3+ 36. Kxf3 Bxe3 37. Kxe3 Rxc5 38. Bd7 Bb1 39. Kd4 Rc1 40.
Ke5 Re1+ 41. Kd6 Rh1 42. h4 Rg1 43. Ke7 Rxg3 44. h5 f4 45. Be6+ Kh8 0-1

[Event "ch-Paris op C"]
[Site "Paris (Halle Carpentier)"]
[Date "2008.07.04"]
[Round "7.9"]
[White "Pierre, Laurent"]
[Black "Samy, Valerie"]
[Result "1-0"]
[WhiteElo "1440"]
[BlackElo "1499"]
[PlyCount "93"]
[EventDate "2008.06.28"]

1. e4 e5 2. Nf3 Nc6 3. Nc3 Bc5 4. d3 Nd4 5. Be3 d6 6. h3 Nf6 7. a3 Ne6 8. Bxc5
Nxc5 9. b4 Ne6 10. g3 c5 11. Bg2 Bd7 12. O-O h6 13. Qd2 Ng5 14. Nxg5 hxg5 15.
Qxg5 Kf8 16. h4 Rh5 17. Qd2 Bg4 18. f3 Bd7 19. Rab1 Qb6 20. Kh2 Re8 21. bxc5
dxc5 22. Rxb6 axb6 23. a4 Re6 24. Bh3 Re7 25. Bxd7 Rxd7 26. Rb1 g5 27. Qf2 g4
28. Rxb6 Kg7 29. Rxf6 Kxf6 30. fxg4+ Ke6 31. gxh5 b6 32. Qf5+ Kd6 33. Qxd7+
Kxd7 34. h6 b5 35. axb5 c4 36. dxc4 f5 37. exf5 e4 38. Nxe4 Ke7 39. h7 Kf7 40.
h8=Q Ke7 41. f6+ Ke6 42. Ng5+ Ke5 43. f7+ Kd6 44. f8=Q+ Kc7 45. Qhh6 Kd7 46.
Qf7+ Kd8 47. Qh8# 1-0

[Event "ch-Paris op C"]
[Site "Paris (Halle Carpentier)"]
[Date "2008.07.04"]
[Round "7.10"]
[White "Khechab, Michel"]
[Black "Souchaud, Raymond"]
[Result "1-0"]
[WhiteElo "1390"]
[BlackElo "1480"]
[PlyCount "107"]
[EventDate "2008.06.28"]

1. e4 e5 2. Nf3 Nc6 3. Bc4 h6 4. c3 d6 5. h3 Nf6 6. d3 Be7 7. O-O O-O 8. Be3 d5
9. exd5 Nxd5 10. Nbd2 Be6 11. Qe2 Qd7 12. Rad1 f5 13. Nb3 Rf6 14. Nc5 Bxc5 15.
Bxc5 Nf4 16. Bxe6+ Qxe6 17. Qe3 Rg6 18. Nh4 Rg5 19. d4 Qd5 20. dxe5 Rxg2+ 21.
Kh1 Rxf2+ 22. Rxd5 Rxf1+ 23. Kh2 Nxd5 24. Qd3 Rf2+ 25. Bxf2 Nde7 26. Nxf5 Rf8
27. Nxe7+ Nxe7 28. Bc5 Re8 29. Bxe7 Rxe7 30. Qd8+ Kf7 31. Qd5+ Re6 32. Qf3+ Ke7
33. Qxb7 Rxe5 34. Qxc7+ Kf6 35. Qxa7 Re2+ 36. Kg3 Rxb2 37. Qd4+ Kg6 38. c4 Rxa2
39. Qb6+ Kf7 40. Qb3 Ra5 41. c5+ Ke7 42. Kf4 Kd7 43. Qd5+ Kc7 44. Qd6+ Kc8 45.
c6 g5+ 46. Kg4 Ra4+ 47. Kg3 Ra7 48. Qxh6 Kc7 49. Kg4 Ra5 50. Qxg5 Rxg5+ 51.
Kxg5 Kxc6 52. h4 Kd6 53. Kg6 Ke7 54. Kg7 1-0

[Event "ch-Paris op C"]
[Site "Paris (Halle Carpentier)"]
[Date "2008.07.04"]
[Round "7.11"]
[White "Lamure, Pierre-Louis"]
[Black "Roux, Jean-Marie"]
[Result "0-1"]
[WhiteElo "1290"]
[BlackElo "1470"]
[PlyCount "95"]
[EventDate "2008.06.28"]

1. d4 d5 2. c4 Nf6 3. cxd5 Nxd5 4. e4 Nb6 5. Nc3 Nc6 6. Bb5 Bd7 7. Nf3 a6 8.
Bxc6 Bxc6 9. Ne5 Bd7 10. Be3 e6 11. O-O Be7 12. Rc1 O-O 13. Qc2 f6 14. Nxd7
Qxd7 15. Ne2 Rac8 16. Qb3 Kh8 17. Rfd1 f5 18. e5 c6 19. Qxb6 Bd8 20. Qb4 Bh4
21. g3 Be7 22. Qb3 Rb8 23. Nf4 Rfe8 24. Qxe6 Qc7 25. Qxf5 Qa5 26. a3 Qb5 27.
Qc2 Rf8 28. Ne6 Rf7 29. Bg5 Bf8 30. Be3 Be7 31. Bg5 Bf8 32. Bd2 Be7 33. Qc4
Qxb2 34. Qc3 Qb5 35. Nc7 Qb6 36. Ne6 Qb5 37. Bg5 Bf8 38. Rb1 Qd5 39. Nf4 Qd7
40. e6 Qc7 41. exf7 Qxf7 42. Nd3 Bd6 43. Bf4 Rd8 44. Bxd6 Rxd6 45. Re1 Rf6 46.
Rxb7 Qf8 47. Rb6 Rf3 48. Rxc6 0-1

[Event "ch-Paris op C"]
[Site "Paris (Halle Carpentier)"]
[Date "2008.07.04"]
[Round "7.12"]
[White "Hargoues-Turon, Emile"]
[Black "Zodros, Denis"]
[Result "0-1"]
[WhiteElo "1350"]
[BlackElo "1470"]
[PlyCount "89"]
[EventDate "2008.06.28"]

1. d4 d5 2. Nf3 Nc6 3. e3 Nf6 4. c3 e6 5. Bd3 Bd6 6. Nbd2 e5 7. dxe5 Nxe5 8.
Nxe5 Bxe5 9. Nf3 Bd6 10. O-O O-O 11. h3 h6 12. Rb1 c5 13. b3 Ne4 14. Bb2 Ng5
15. Nxg5 Qxg5 16. f4 Qd8 17. Bc2 Bc7 18. Qd3 f5 19. Rbd1 Be6 20. Qe2 Qe8 21.
Rfe1 Rd8 22. b4 c4 23. a4 a6 24. Ba3 Qf7 25. b5 Rfe8 26. bxa6 bxa6 27. a5 Bxa5
28. Qd2 Bc8 29. Rb1 Bc7 30. Bd1 Re6 31. Bf3 Rc6 32. Qe2 Rb6 33. Bc5 Rb5 34. Bd4
Rd7 35. Kh1 Re7 36. g3 Kh7 37. Rbd1 Bb7 38. Qc2 g6 39. Rg1 Qe6 40. g4 Bb6 41.
gxf5 gxf5 42. Bg4 Bc8 43. Bh5 Bxd4 44. exd4 Qe4+ 45. Qxe4 {...} 0-1

[Event "ch-Paris op C"]
[Site "Paris (Halle Carpentier)"]
[Date "2008.07.04"]
[Round "7.13"]
[White "Vega-Ritter, Isabelle"]
[Black "Segarra, Rene"]
[Result "1/2-1/2"]
[WhiteElo "1469"]
[BlackElo "1360"]
[PlyCount "104"]
[EventDate "2008.06.28"]

1. d4 g6 2. Nf3 Bg7 3. Bg5 h6 4. Bh4 d6 5. e3 g5 6. Bg3 Nf6 7. Bd3 Nh5 8. Nbd2
Nxg3 9. hxg3 c6 10. c3 Nd7 11. Qc2 Nf6 12. O-O-O Ng4 13. Rhf1 Qc7 14. Bf5 Nf6
15. Bd3 Bd7 16. Ne4 O-O-O 17. Nxf6 Bxf6 18. Bf5 e6 19. Bd3 Kb8 20. Nd2 Bg7 21.
f4 d5 22. e4 Rdf8 23. e5 f5 24. Nb3 g4 25. Nc5 Bc8 26. Qb3 Ka8 27. Qa3 Rf7 28.
Kb1 Bf8 29. b4 Bxc5 30. dxc5 Qd8 31. b5 h5 32. b6 a6 33. Ka1 Rd7 34. Rd2 h4 35.
gxh4 Rxh4 36. g3 Rh3 37. Rg1 Rdh7 38. Qb2 Rh1 39. Rdg2 Rxg1+ 40. Rxg1 Rh3 41.
Qf2 Qh8 42. Bf1 Rh2 43. Bg2 Bd7 44. a4 Kb8 45. a5 Ka8 46. Kb2 Bc8 47. Kb3 Bd7
48. Qd4 Qe8 49. Qd2 Qe7 50. Qd4 Kb8 51. Kb4 Bc8 52. Qd2 Bd7 1/2-1/2

[Event "ch-Paris op C"]
[Site "Paris (Halle Carpentier)"]
[Date "2008.07.04"]
[Round "7.14"]
[White "Guerlach, Keigo"]
[Black "Combet, Pierre"]
[Result "1-0"]
[WhiteElo "1440"]
[BlackElo "1370"]
[PlyCount "71"]
[EventDate "2008.06.28"]

1. e4 e5 2. Nf3 Nf6 3. Nxe5 d6 4. Nf3 Nxe4 5. Nc3 d5 6. Qe2 Be7 7. Nxe4 dxe4 8.
Qxe4 O-O 9. Bc4 Bc5 10. O-O Re8 11. Qf4 Be6 12. Bxe6 Rxe6 13. d4 Bd6 14. Qh4 f6
15. Be3 Qe8 16. Rfe1 Re4 17. Qh3 Nd7 18. Qf5 Qe7 19. Qd5+ Kh8 20. Bd2 Re8 21.
Qxb7 Bf4 22. Rxe4 Qxe4 23. Qxe4 Rxe4 24. Bxf4 Rxf4 25. Re1 Kg8 26. Re7 Nb6 27.
Rxc7 Re4 28. h3 Re2 29. Rxa7 Rxc2 30. b3 Rc1+ 31. Kh2 Rb1 32. Nh4 g6 33. a4 Rd1
34. Nf3 g5 35. a5 Nd5 36. a6 1-0

[Event "ch-Paris op C"]
[Site "Paris (Halle Carpentier)"]
[Date "2008.07.04"]
[Round "7.15"]
[White "Trocme, Jacques"]
[Black "Lefort, Sophie"]
[Result "1-0"]
[WhiteElo "1480"]
[BlackElo "1199"]
[PlyCount "93"]
[EventDate "2008.06.28"]

1. Nf3 Nc6 2. g3 e5 3. e4 Nf6 4. d3 Bc5 5. a3 d6 6. h3 a5 7. b3 Be6 8. Bb2 h6
9. Bg2 Nh5 10. Nbd2 Qd7 11. Nh4 Nf6 12. Nhf3 Nh5 13. c3 Rd8 14. d4 exd4 15.
cxd4 Bb6 16. d5 Bxd5 17. exd5 Ne7 18. Nh4 Nf6 19. Nc4 Ba7 20. O-O Rg8 21. a4 g5
22. Bxf6 gxh4 23. Bxh4 Rb8 24. Ra2 Nf5 25. Re2+ Kf8 26. Kh2 Bd4 27. Re4 b5 28.
Nxa5 Be5 29. f4 Nxh4 30. fxe5 Nxg2 31. Kxg2 dxe5 32. Rxe5 Qd6 33. Qf3 Rg7 34.
Rf5 Qd7 35. Nc6 Re8 36. Ne5 Rxe5 37. Rxe5 bxa4 38. b4 Qd6 39. Re6 Qxb4 40. d6
Kg8 41. Re8+ Kh7 42. Qf5+ Rg6 43. Qxf7+ Rg7 44. Qf5+ Rg6 45. Re7+ Kh8 46. Qxg6
Qd2+ 47. Rf2 1-0

[Event "ch-Paris op C"]
[Site "Paris (Halle Carpentier)"]
[Date "2008.07.04"]
[Round "7.16"]
[White "Weintraub, Richard"]
[Black "Banat, Rizlene"]
[Result "1-0"]
[WhiteElo "1470"]
[BlackElo "1360"]
[PlyCount "55"]
[EventDate "2008.06.28"]

1. e4 c5 2. Nc3 Nc6 3. g3 d6 4. Bg2 g6 5. f4 e6 6. d3 Bg7 7. Nf3 f5 8. O-O Nf6
9. Re1 Ng4 10. h3 Bd4+ 11. Nxd4 Ne3 12. Nxc6 Nxd1 13. Nxd8 Nxc3 14. bxc3 Kxd8
15. exf5 exf5 16. d4 cxd4 17. cxd4 Rb8 18. Ba3 Kd7 19. Re3 b6 20. Rae1 Ba6 21.
Re7+ Kd8 22. Bxd6 Rc8 23. Rxa7 Bb5 24. Be7+ Ke8 25. Bf6+ Kf8 26. Bxh8 Kg8 27.
Bg7 Rxc2 28. Bd5# 1-0

[Event "ch-Paris op C"]
[Site "Paris (Halle Carpentier)"]
[Date "2008.07.04"]
[Round "7.17"]
[White "Morgan, Jacques"]
[Black "Leconte, Nicolas"]
[Result "0-1"]
[WhiteElo "1370"]
[BlackElo "1410"]
[PlyCount "128"]
[EventDate "2008.06.28"]

1. d4 d5 2. c4 Nf6 3. Nc3 dxc4 4. e3 Be6 5. g3 Bd5 6. Nxd5 Qxd5 7. Qf3 Qxf3 8.
Nxf3 Nc6 9. Bxc4 e6 10. O-O a6 11. Re1 O-O-O 12. Ng5 Rd7 13. b3 h6 14. Nxf7
Rxf7 15. Bxe6+ Rd7 16. Bxd7+ Nxd7 17. a3 g5 18. Bd2 Bg7 19. b4 Nb6 20. Rac1 Rd8
21. a4 Bf8 22. b5 Bb4 23. Bxb4 Nxb4 24. bxa6 Nxa6 25. f4 gxf4 26. gxf4 Nd5 27.
Kf2 Nab4 28. Kf3 Re8 29. e4 Nf6 30. e5 Nfd5 31. Ke4 Nf6+ 32. Kf3 Nfd5 33. f5
Kd7 34. Rg1 Rf8 35. Rg7+ Ke8 36. f6 Rf7 37. Rcg1 Nc2 38. Ke4 Nce3 39. Rxf7 Kxf7
40. Rg7+ Ke6 41. Rh7 Ng4 42. f7 Ngf6+ 43. exf6 Nxf6+ 44. Kf4 Nxh7 45. d5+ Kxf7
46. Ke5 Ke7 47. Kf5 Nf6 48. Kg6 Ng4 49. h3 Ne5+ 50. Kxh6 Nf3 51. Kh5 Kd6 52. h4
Nxh4 53. Kxh4 Kxd5 54. Kg3 c5 55. Kf2 Kd4 56. Ke2 c4 57. Kd2 c3+ 58. Kc2 Kc4
59. a5 Kb4 60. a6 bxa6 61. Kc1 Kb3 62. Kb1 c2+ 63. Kc1 a5 64. Kd2 Kb2 0-1

[Event "ch-Paris op C"]
[Site "Paris (Halle Carpentier)"]
[Date "2008.07.04"]
[Round "7.18"]
[White "Lutard, Florian"]
[Black "Bouriot, Florence"]
[Result "1-0"]
[WhiteElo "1370"]
[BlackElo "1280"]
[PlyCount "113"]
[EventDate "2008.06.28"]

1. d4 d6 2. e4 e6 3. Nc3 Nf6 4. Nf3 Be7 5. Bc4 d5 6. Bb5+ Bd7 7. Bxd7+ Nbxd7 8.
exd5 Nxd5 9. Nxd5 exd5 10. O-O O-O 11. Bf4 Nf6 12. Re1 Bd6 13. Bg5 c6 14. Ne5
Be7 15. Ng4 h6 16. Bh4 Re8 17. Nxf6+ Bxf6 18. Rxe8+ Qxe8 19. Bxf6 gxf6 20. Qg4+
Kf8 21. Qf4 Kg7 22. Kf1 Qe4 23. Qxe4 dxe4 24. Re1 Re8 25. f3 f5 26. h3 Kg6 27.
g4 Kg5 28. gxf5 Kxf5 29. Rxe4 Rxe4 30. fxe4+ Kxe4 31. c3 f5 32. Kf2 h5 33. h4
b5 34. Ke2 f4 35. a3 f3+ 36. Kf2 Kf4 37. b3 Kg4 38. c4 Kf4 39. cxb5 cxb5 40. d5
Ke5 41. Kxf3 Kxd5 42. Kf4 a5 43. Kg5 Kc5 44. Kxh5 a4 45. bxa4 bxa4 46. Kg5 Kc4
47. h5 Kb3 48. h6 Kxa3 49. h7 Ka2 50. h8=Q a3 51. Qb8 Ka1 52. Qc7 Kb2 53. Qe5+
Kb1 54. Qb5+ Ka1 55. Qc4 Kb2 56. Qb4+ Ka2 57. Kf4 1-0

[Event "ch-Paris op C"]
[Site "Paris (Halle Carpentier)"]
[Date "2008.07.04"]
[Round "7.19"]
[White "Moimeaux, Archibald"]
[Black "Sriskantharajah, Niroshan"]
[Result "1/2-1/2"]
[WhiteElo "1199"]
[BlackElo "1370"]
[PlyCount "54"]
[EventDate "2008.06.28"]

1. c4 e5 2. Nf3 Nc6 3. g3 Nf6 4. d3 h6 5. Bg2 Be7 6. O-O O-O 7. Nc3 b6 8. a3
Bb7 9. b4 a6 10. Nh4 Rb8 11. Nf5 d6 12. Qa4 Qd7 13. Nxe7+ Nxe7 14. Bxb7 Qxa4
15. Nxa4 Rxb7 16. Nc3 d5 17. cxd5 Nfxd5 18. Bb2 f6 19. Rac1 c6 20. Ne4 Rc7 21.
d4 f5 22. Nd2 e4 23. e3 Rf6 24. Nc4 Ng6 25. Rfd1 h5 26. Ne5 Kh7 27. h4 Kh6
1/2-1/2

[Event "ch-Paris op C"]
[Site "Paris (Halle Carpentier)"]
[Date "2008.07.04"]
[Round "7.20"]
[White "Guillaume, Gerard"]
[Black "Allaf, Alice"]
[Result "1-0"]
[WhiteElo "1390"]
[BlackElo "1499"]
[PlyCount "91"]
[EventDate "2008.06.28"]

1. d4 d5 2. c4 dxc4 3. e3 e5 4. Nc3 exd4 5. Qxd4 Qxd4 6. exd4 Nf6 7. Bxc4 a6 8.
Bg5 Nbd7 9. Nf3 b5 10. Bb3 Bb7 11. Bd1 Bd6 12. O-O O-O 13. Re1 c5 14. dxc5 Bxc5
15. a3 b4 16. Na2 a5 17. a4 Rfe8 18. Be2 b3 19. Nc3 Bb4 20. Bb5 Rxe1+ 21. Nxe1
Rd8 22. Rd1 Bxc3 23. bxc3 b2 24. Rb1 Re8 25. Bxf6 gxf6 26. f3 Re7 27. Kf2 Nc5
28. Rxb2 Kg7 29. Nd3 Nd7 30. c4 Ne5 31. Nxe5 fxe5 32. c5 Rc7 33. c6 Bxc6 34.
Rc2 Bxb5 35. Rxc7 Bxa4 36. Ra7 Bc6 37. Rxa5 e4 38. fxe4 Bxe4 39. g3 f5 40. Ra6
h5 41. h4 Bd3 42. Rb6 Bc2 43. Rd6 Kf7 44. Ke3 Be4 45. Kf4 Ke7 46. Rh6 1-0

[Event "ch-Paris op C"]
[Site "Paris (Halle Carpentier)"]
[Date "2008.07.04"]
[Round "7.23"]
[White "Siaugues, Jean-Claude"]
[Black "Vallobra, Thierry"]
[Result "1/2-1/2"]
[WhiteElo "1370"]
[BlackElo "1499"]
[PlyCount "91"]
[EventDate "2008.06.28"]

1. d4 d5 2. Nf3 Nc6 3. e3 Nf6 4. Nbd2 e6 5. Bd3 Bd6 6. O-O O-O 7. c3 h6 8. e4
dxe4 9. Nxe4 Nxe4 10. Bxe4 Re8 11. Re1 Qf6 12. Qa4 Bd7 13. Qc2 Re7 14. Qe2 Rae8
15. Bd2 e5 16. d5 Nd8 17. h3 c6 18. dxc6 Bxc6 19. Bxc6 Nxc6 20. Qe4 Qe6 21. Nh4
h5 22. Nf5 Rd7 23. Nxd6 Rxd6 24. Be3 g6 25. h4 f6 26. Qxg6+ Kf8 27. Bh6+ Ke7
28. Qg7+ Qf7 29. Qxf7+ Kxf7 30. Be3 a6 31. g3 e4 32. Kg2 Ne5 33. Bd4 Nf3 34.
Red1 Red8 35. Kf1 Nxd4 36. cxd4 Rxd4 37. Ke2 f5 38. Rxd4 Rxd4 39. Rd1 Rxd1 40.
Kxd1 Ke6 41. Kd2 Kf6 42. Ke3 Ke5 43. b3 a5 44. a3 b5 45. f3 exf3 46. Kxf3
1/2-1/2

[Event "ch-Paris op C"]
[Site "Paris (Halle Carpentier)"]
[Date "2008.07.04"]
[Round "7.25"]
[White "Cordier, Daniel"]
[Black "Geoffroy, Boris"]
[Result "0-1"]
[WhiteElo "1460"]
[BlackElo "1330"]
[PlyCount "88"]
[EventDate "2008.06.28"]

1. e4 e5 2. Nf3 Nc6 3. Bc4 Bc5 4. d4 Bxd4 5. Bxf7+ Kxf7 6. Ng5+ Ke8 7. Qh5+ g6
8. Qf3 Qf6 9. Qxf6 Nxf6 10. O-O h6 11. Nf3 Nxe4 12. Nxd4 Nxd4 13. Re1 d5 14.
Nc3 Nxc2 15. Nxd5 Nxe1 16. Nxc7+ Kd8 17. Nxa8 Bd7 18. Be3 Nc2 19. Rd1 Nxe3 20.
Re1 Kc8 21. Rxe3 Kb8 22. Rxe4 Kxa8 23. Rxe5 Rc8 24. h3 Kb8 25. Re7 Bb5 26. Re6
Rc1+ 27. Kh2 Rc2 28. f4 Rxb2 29. Rxg6 Rf2 30. Rg8+ Kc7 31. Rf8 Rxa2 32. f5 a5
33. f6 Rf2 34. Kg1 Rf1+ 35. Kh2 Kd6 36. Rf7 Bc6 37. Kg3 Ke6 38. Rf8 Rxf6 39.
Rxf6+ Kxf6 40. Kf4 a4 41. g4 a3 42. h4 a2 43. g5+ hxg5+ 44. hxg5+ Kg6 0-1

[Event "ch-Paris op C"]
[Site "Paris (Halle Carpentier)"]
[Date "2008.07.04"]
[Round "7.26"]
[White "Fouliard, Matthieu"]
[Black "Robinet-Duffo, Richard"]
[Result "1-0"]
[WhiteElo "1330"]
[BlackElo "1420"]
[PlyCount "77"]
[EventDate "2008.06.28"]

1. e4 e5 2. Nf3 Nc6 3. d4 exd4 4. Nxd4 Nf6 5. Nxc6 bxc6 6. Bg5 h6 7. Bh4 Be7 8.
Nc3 Rb8 9. e5 Nh7 10. Qg4 Bxh4 11. Qxg7 Bxf2+ 12. Kxf2 Ke7 13. Bc4 Qf8 14. Qg4
d6 15. Qh4+ Ke8 16. exd6 cxd6 17. Rhe1+ Be6 18. Bxe6 fxe6+ 19. Kg1 e5 20. Qh3
Rxb2 21. Rf1 Qe7 22. Qc8+ Qd8 23. Qxc6+ Qd7 24. Qa8+ Qd8 25. Qxa7 Rxc2 26. Qa4+
Ke7 27. Qxc2 Qb6+ 28. Kh1 Qb7 29. Ne4 Rc8 30. Rf7+ Kxf7 31. Nxd6+ Kg7 32. Qxc8
Qb2 33. Rf1 Qe2 34. Nf5+ Kg6 35. Qe6+ Nf6 36. Nh4+ Kg7 37. Qxf6+ Kh7 38. Qg6+
Kh8 39. Rf8# 1-0

[Event "ch-Paris op C"]
[Site "Paris (Halle Carpentier)"]
[Date "2008.07.04"]
[Round "7.29"]
[White "Caille, Hugo"]
[Black "Delhy, Jacques"]
[Result "0-1"]
[WhiteElo "1390"]
[BlackElo "1320"]
[PlyCount "48"]
[EventDate "2008.06.28"]

1. e4 e5 2. Nf3 Nc6 3. Bc4 Bc5 4. d3 Nf6 5. Ng5 O-O 6. O-O d6 7. Nc3 h6 8. Nxf7
Rxf7 9. Bxf7+ Kxf7 10. Qf3 Nd4 11. Qd1 Bg4 12. Qd2 c6 13. Kh1 Qd7 14. Na4 b6
15. b4 b5 16. Nxc5 dxc5 17. bxc5 Rd8 18. f3 Be6 19. f4 Kg8 20. fxe5 Nh7 21. c3
Ne2 22. Qxe2 Qxd3 23. Qxd3 Rxd3 24. Rf3 Rd1+ 0-1

[Event "ch-Paris op C"]
[Site "Paris (Halle Carpentier)"]
[Date "2008.07.04"]
[Round "7.31"]
[White "Coadou, Alain"]
[Black "Duffaud, Celia"]
[Result "0-1"]
[WhiteElo "1210"]
[BlackElo "1390"]
[PlyCount "50"]
[EventDate "2008.06.28"]

1. c4 e5 2. g3 Nf6 3. Bg2 Nc6 4. e3 b6 5. a3 Bb7 6. Qc2 Nb4 7. Qc3 Bxg2 8.
Qxe5+ Be7 9. axb4 Bxh1 10. f3 O-O 11. Nc3 Bxb4 12. Nb5 c6 13. Nc7 Rc8 14. Rxa7
d6 15. Ne6 dxe5 16. Nxd8 Rcxd8 17. Rb7 Ba5 18. b4 Bxb4 19. Rxb6 Bc5 20. Rxc6
Bd6 21. c5 Bb8 22. Kf2 e4 23. f4 Rc8 24. Rxc8 Rxc8 25. Ba3 Ba7 0-1

[Event "ch-Paris op C"]
[Site "Paris (Halle Carpentier)"]
[Date "2008.07.04"]
[Round "7.33"]
[White "Dupont, Jean-Louis"]
[Black "Nadarajah, Piruntha"]
[Result "0-1"]
[WhiteElo "1280"]
[BlackElo "1380"]
[PlyCount "48"]
[EventDate "2008.06.28"]

1. e4 e5 2. Nf3 Nc6 3. Bc4 Bc5 4. c3 d6 5. d4 Bb6 6. dxe5 Bg4 7. Qd5 Be6 8. Qd3
Bxc4 9. Qxc4 dxe5 10. Ng5 Qf6 11. O-O O-O-O 12. Nxf7 Na5 13. Qa4 Qxf7 14. Be3
Nc4 15. Bxb6 Nxb6 16. Qxa7 Nf6 17. f3 h5 18. Qa5 Qe6 19. Na3 h4 20. h3 Nh5 21.
b3 Nf4 22. Rfe1 Qg6 23. Kf2 Qxg2+ 24. Ke3 Qd2# 0-1

[Event "ch-Paris op C"]
[Site "Paris (Halle Carpentier)"]
[Date "2008.07.04"]
[Round "7.40"]
[White "Zeitoun, David"]
[Black "Laroui, Idriss"]
[Result "0-1"]
[WhiteElo "1330"]
[BlackElo "1200"]
[PlyCount "134"]
[EventDate "2008.06.28"]

1. e4 b6 2. d4 Bb7 3. Nc3 e6 4. d5 Bb4 5. Bd2 Ne7 6. Bc4 O-O 7. a3 Bxc3 8. Bxc3
Re8 9. Qd4 f6 10. dxe6 Nec6 11. Qe3 dxe6 12. Qh3 Qe7 13. Bd3 Qd7 14. e5 f5 15.
Nf3 h6 16. Qh5 Qf7 17. Qxf7+ Kxf7 18. O-O-O Ne7 19. Be2 g5 20. Rdg1 Ng6 21. Bb5
Rd8 22. Rd1 Rxd1+ 23. Rxd1 g4 24. Ne1 Nf4 25. g3 Nd5 26. Bd2 Kg6 27. Be8+ Kg7
28. Be3 Nxe3 29. fxe3 Kf8 30. Bd7 Bf3 31. Nxf3 gxf3 32. Bxe6 Nc6 33. Bd7 Nxe5
34. Bxf5 Ke7 35. Be4 f2 36. Bxa8 Ng4 37. Rf1 Kf6 38. h3 Nxe3 39. Rxf2+ Kg5 40.
h4+ Kg4 41. Kd2 Nf5 42. Be4 Nd6 43. Rf6 Nxe4+ 44. Ke3 Nxf6 45. c4 Kxg3 46. b4
Kxh4 47. Kd4 Kg5 48. c5 h5 49. cxb6 cxb6 50. Ke3 h4 51. Kf3 a5 52. bxa5 bxa5
53. Kg2 Kg4 54. Kh2 Ne4 55. Kg2 Nd6 56. Kh2 Nc4 57. Kg2 Nxa3 58. Kh2 Nc4 59.
Kg2 a4 60. Kh2 a3 61. Kg2 a2 62. Kf2 a1=Q 63. Ke2 Qc3 64. Kf2 Qd3 65. Kg1 Qd2
66. Kf1 Ne3+ 67. Kg1 Qg2# 0-1

[Event "ch-Paris op C"]
[Site "Paris (Halle Carpentier)"]
[Date "2008.07.04"]
[Round "7.41"]
[White "Fraval, Julie"]
[Black "Dautricourt, Olivier"]
[Result "1-0"]
[WhiteElo "1320"]
[BlackElo "1199"]
[PlyCount "37"]
[EventDate "2008.06.28"]

1. e4 e5 2. d4 exd4 3. Qxd4 Nc6 4. Qe3 Nf6 5. Nc3 Bb4 6. Bd2 O-O 7. O-O-O Bxc3
8. Bxc3 d5 9. exd5 Nxd5 10. Qf3 Qg5+ 11. Kb1 Nxc3+ 12. Qxc3 Rd8 13. Re1 Nd4 14.
Qxd4 Bf5 15. Nf3 Bxc2+ 16. Ka1 Qa5 17. Qe3 Re8 18. Qxe8+ Rxe8 19. Rxe8# 1-0